แสดงรายละเอียดบรรณานุกรม
  กลับหน้าหลัก

Brief Record : Get Marc (ISO 2709) : E-mail record : QR code ปิดหน้าต่าง
LEADER 00000nam 2200000uu 4500
008    120207s2552||||th 000 0 tha d
040    ^abcnkk.
041 0  ^atha^beng
060  0 ^aวพ WF 553 ส866ผ 2552
100 0  ^aสุรีพร ศรีสุทธิกมล
245 10 ^aรายงานวิทยานิพนธ์เรื่อง ผลของการพัฒนาการรับรู้ความสามารถของผู้ดูแลที่มีบุตรป่วยด้วยโรคหีดที่ยังไม่สามารถควบคุมได้ /^cสุรีพร ศรีสุทธิกมล
246 15 ^aThe effects of self-efficacy development in caregivers ofchildren with uncontrolled asthma
260    ^aขอนแก่น: ^bมหาวิทยาลัยขอนแก่น^c2552
300    ^a[ก]-ญ, 108, [1] แผ่น
502    ^aวิทยานิพนธ์ (พย.ม.)--สาขาวิชาการพยาบาลสุขภาพเด็กบัณฑิตวิทยาลัย มหาวิทยาลัยขอนแก่น, 2552
650  7 ^aหืด^xการดูแล
650  7 ^aบุตร^xการดูแล
650  7 ^aการพยาบาลสุขภาพเด็ก
650  7 ^aวิทยานิพนธ์
710 2  ^aมหาวิทยาลัยขอนแก่น.^bบัณฑิตวิทยาลัย.^bสาขาวิชาการพยาบาลสุขภาพเด็ก
995    วพ
999    ^aใช้งานได้ทุกระบบ
รายการนี้ยังไม่มีแท็ก
คุณยังไม่ได้ล็อกอิน คุณสามารถมีกิจกรรมร่วมกับเว็บไซต์ได้ แต่ต้องล็อกอินก่อน ::
  ล็อกอิน
ลำดับที่ ประเภท เลขเรียก สถานที่ สถานะ
1. วิทยานิพนธ์
วิทยานิพนธ์
วพ WF 553 ส866ผ 2552  
  
หนังสือทั่วไป On Shelf
  ขอยืม
   [แสดง 1/1 รายการ]

รายการใกล้เคียง
    หัวเรื่อง [วิทยานิพนธ์]

BibComment


ยังไม่เคยถูกคอมเมนท์

คอมเมนท์ทรัพยากรรายการนี้
  คอมเมนท์: รายงานวิทยานิพนธ..
Bib 207026

 
 
 

 Union Library Management : ULibM
Copyright 2026. All Rights Reserved.
скачать бесплатно без регистрации порно красивый секс HD Sex Hindi sex

xxx gou

xxxx

bfxxx

xxxwww

Секса Видео

xxxx

Секса Видео

detube

geilexxx

C99 Shell

worms shell

blod xxx video
Ebony Coed Rihanna Rimes Takes A Dick In Her Young Twat priyaa indian fuck anal and pusssy hardcore indian women xxx desi hardcore fucking part 1 bengalixxxcouple